<?xml version="1.0" encoding="UTF-8"?>
<record
    xmlns:xsi="http://www.w3.org/2001/XMLSchema-instance"
    xsi:schemaLocation="http://www.loc.gov/MARC21/slim http://www.loc.gov/standards/marcxml/schema/MARC21slim.xsd"
    xmlns="http://www.loc.gov/MARC21/slim">

  <leader>03202nam a2200325 i 4500</leader>
  <controlfield tag="003">CSPC</controlfield>
  <controlfield tag="005">20260423133254.0</controlfield>
  <controlfield tag="007">ta</controlfield>
  <controlfield tag="008">231116s2021    ph       m    000 0beng  </controlfield>
  <datafield tag="040" ind1=" " ind2=" ">
    <subfield code="a">CSPC </subfield>
    <subfield code="b">eng </subfield>
    <subfield code="c">CSPC </subfield>
    <subfield code="e">rda </subfield>
  </datafield>
  <datafield tag="090" ind1=" " ind2=" ">
    <subfield code="a">UTH BSOA Ai52i 2021</subfield>
  </datafield>
  <datafield tag="100" ind1="1" ind2=" ">
    <subfield code="a">Ailes, Marie Abegail L., </subfield>
    <subfield code="d">author.</subfield>
  </datafield>
  <datafield tag="245" ind1="1" ind2="4">
    <subfield code="a">The impact of information and communication technology (ICT) in the academic performance of Bachelor of Science in Office Administration students during pandemic /</subfield>
    <subfield code="c">Marie Abegail L. Ailes, John Ricky S. Cuerdo, and Julius B, Noblefranca. </subfield>
  </datafield>
  <datafield tag="260" ind1=" " ind2=" ">
    <subfield code="a">Buhi, Camarines Sur : </subfield>
    <subfield code="b">Camarines Sur Polytechnic Collges,</subfield>
    <subfield code="c">2021. </subfield>
  </datafield>
  <datafield tag="300" ind1=" " ind2=" ">
    <subfield code="a">xvi, 99 leaves. </subfield>
  </datafield>
  <datafield tag="336" ind1=" " ind2=" ">
    <subfield code="2">rdacontent</subfield>
    <subfield code="a">text</subfield>
  </datafield>
  <datafield tag="337" ind1=" " ind2=" ">
    <subfield code="2">rdamedia</subfield>
    <subfield code="a">unmediated</subfield>
  </datafield>
  <datafield tag="338" ind1=" " ind2=" ">
    <subfield code="2">rdacarrier</subfield>
    <subfield code="a">volume</subfield>
  </datafield>
  <datafield tag="502" ind1=" " ind2=" ">
    <subfield code="a">Undergraduate Thesis (BSOA)- Office Administration. </subfield>
    <subfield code="c">Camarines Sur Polytechnic Colleges, 2021. </subfield>
  </datafield>
  <datafield tag="504" ind1=" " ind2=" ">
    <subfield code="a">Includes bibliographical references. </subfield>
  </datafield>
  <datafield tag="520" ind1="3" ind2=" ">
    <subfield code="a">This study arrived to determine the impact of Information and Communication Technology in the Academic Performance of Bachelor of Science in Office Administration Students during Pandemic. The effect of these impacts encountered by the students and the measures to cope on it.

The conclusions of this study were identified that: 1) most of the respondents were 18-21 years old; majority of them were female which is 36 or 90%; 10 respondents came from each year levels of Bachelor of Science in Office Administration summing up to the total of 40 respondents with the highest general weighted average of 1.99-1.75 and 1.24-1.0 and 2.24-2.0 as the lowest average. 2) in terms of ICT tools and devices used for flexible learning, all the respondents uses cellphone as their ICT tool with a percentage of 100%. 3) Majority of the respondents uses Google Meet as their application for flexible learning during pandemic with a percentage of 97.5%. 4) the respondents agree that there are impacts on the use of ICT on the academic performance with average weighted mean of 3.051. The highest degree of impact for the respondents were ICT as the most dependable tool for flexible learning and the use of ICT dependable tool for flexible learning and the use of ICT as instructional media bridge the gap between the teachers and students with weighted means of 3.40 and 3.30 respectively. 5) the respondents seldom encountered the challenges when using ICT with an average weighted mean of 3.16. For the challenges encountered by the respondents, the highest degree encountered were poor quality of service of the internet and signal problem in internet with weighted means of 1.5 respectively. 6) the recommendations proposed by the respondents were to provide gadgets and stable internet connection and study hard and improve oneself both with 23 percent. </subfield>
  </datafield>
  <datafield tag="700" ind1="1" ind2=" ">
    <subfield code="a">Cuerdo, John Ricky S.,</subfield>
    <subfield code="e">author.</subfield>
  </datafield>
  <datafield tag="700" ind1="1" ind2=" ">
    <subfield code="a">Noblefranca, Julius B.,</subfield>
    <subfield code="e">author.</subfield>
  </datafield>
  <datafield tag="720" ind1="1" ind2=" ">
    <subfield code="a">Luzon, April Z.,</subfield>
    <subfield code="e">adviser. </subfield>
  </datafield>
  <datafield tag="720" ind1="1" ind2=" ">
    <subfield code="a">Infante, Leonisa O.,</subfield>
    <subfield code="e">panelist, chair.</subfield>
  </datafield>
  <datafield tag="720" ind1="1" ind2=" ">
    <subfield code="a">Oliveros, Josefin N.,</subfield>
    <subfield code="e">panelist. </subfield>
  </datafield>
  <datafield tag="720" ind1="1" ind2=" ">
    <subfield code="a">Rosal, Jhomer I.,</subfield>
    <subfield code="e">panelist. </subfield>
  </datafield>
  <datafield tag="942" ind1=" " ind2=" ">
    <subfield code="2">ddc</subfield>
    <subfield code="n">0</subfield>
    <subfield code="c">UM</subfield>
    <subfield code="h">Ai52i</subfield>
    <subfield code="i">BSOA</subfield>
    <subfield code="k">UTH</subfield>
    <subfield code="m">2021</subfield>
  </datafield>
  <datafield tag="952" ind1=" " ind2=" ">
    <subfield code="0">0</subfield>
    <subfield code="1">0</subfield>
    <subfield code="2">ddc</subfield>
    <subfield code="4">0</subfield>
    <subfield code="7">1</subfield>
    <subfield code="a">BUHI</subfield>
    <subfield code="b">BUHI</subfield>
    <subfield code="c">UTH</subfield>
    <subfield code="d">2023-11-16</subfield>
    <subfield code="l">0</subfield>
    <subfield code="o">UTH BSOA Ai52i 2021</subfield>
    <subfield code="p">00006UM-BUH</subfield>
    <subfield code="r">2023-11-16 00:00:00</subfield>
    <subfield code="t">1-1</subfield>
    <subfield code="w">2023-11-16</subfield>
    <subfield code="y">UM</subfield>
  </datafield>
  <datafield tag="999" ind1=" " ind2=" ">
    <subfield code="c">26550</subfield>
    <subfield code="d">26550</subfield>
  </datafield>
</record>
